Missing Word: Daenerys Targaryen Quotes Quiz Stats

 Plays Quiz Updated May 6, 2019

Score 0/10 Timer 02:30
0 Plays Today
Quote Missing Word % Correct
___ am a queen, not a butcher.I
99.8%
A dragon ___ not a slave.is
94.3%
I will answer injustice ___ justice.with
93.9%
I fought so that no child born into Slaver's Bay would ever know ___ it meant to be bought or sold.what
92.6%
The next time you raise a hand to me ___ be the last time you have hands.will
92.4%
Turn us away ___ we will burn you first.and
88.2%
The Iron Throne is mine and I will ___ it.take
78.7%
He was no dragon, ___ cannot kill a dragon.fire
67.3%
She is ___. Let her speak.mine
59%
I am Daenerys Stormborn of House Targaryen, of the ___ of Old Valyria. Valyrian is my mother tongue.blood!
45.6%

Today's Daily Dose

Missing Word
Sherlocks

Word Ladder
King of the Hill

Quick Pick
Songs in Pink

Get the Picture
NBA Teammates

You're not logged in!

Compare scores with friends on all Sporcle quizzes.
OR
Log In

Sporcle TV

Today on Sporcle TV


Watch our educational content, quiz creation guides, and fun videos on Sporcle TV.

Show Comments

Extras

Top Quizzes Today


Score Distribution

Your Account Isn't Verified!

In order to create a playlist on Sporcle, you need to verify the email address you used during registration. Go to your Sporcle Settings to finish the process.

Report this User

Report this user for behavior that violates our Community Guidelines.

Details: